[Event "V Trofeo Alfiere"]
[Site "Roma "]
[Date "1982.??.??"]
[Round "5"]
[White "Pangrazzi, Marco"]
[Black "Kouatly, Bachar"]
[Result "0-1"]
[WhiteElo "2260"]
[BlackElo "2435"]
[PlyCount "72"]
[EventDate "1982.??.??"]
[EventType "swiss"]
[EventRounds "9"]
[EventCountry "ITA"]
[SourceDate "2005.09.12"]

1. Nf3 Nf6 2. c4 g6 3. d4 Bg7 4. Nc3 d5 5. g3 O-O 6. Bg2 dxc4 7. O-O Nd5 8. e4
Nb4 9. Be3 Nd3 10. Qa4 c5 11. Ne2 b5 12. Qxb5 Ba6 13. Qa4 Nxb2 14. Qc2 c3 15.
Rfe1 Bxe2 16. Rxe2 Nc6 17. Qxc3 Nxd4 18. Bxd4 cxd4 19. Qc1 Rc8 20. Qb1 Na4 21.
Rd2 e5 22. Qb5 Nc3 23. Qd3 Qb6 24. Ne1 f5 25. f3 a5 26. Kh1 a4 27. Rc1 Bh6 28.
f4 exf4 29. exf5 fxg3 30. fxg6 Bxd2 31. gxh7+ Kh8 32. Qxd2 Rf2 33. Qg5 Qf6 34.
Qxg3 Rf1+ 35. Bxf1 Qxf1+ 36. Qg1 Qxg1+ 0-1

[Event "V Trofeo Alfiere"]
[Site "Roma "]
[Date "1982.??.??"]
[Round "5"]
[White "Piasini, Antonio"]
[Black "De Blasio, Massimo"]
[Result "1/2-1/2"]
[WhiteElo "1955"]
[BlackElo "2210"]
[PlyCount "44"]
[EventDate "1982.??.??"]
[EventType "swiss"]
[EventRounds "9"]
[EventCountry "ITA"]
[SourceDate "2005.09.12"]

1. d4 d5 2. Nf3 Nf6 3. c4 e6 4. Nc3 c6 5. cxd5 exd5 6. g3 Bd6 7. Bg2 O-O 8. Qc2
Bg4 9. O-O Re8 10. Bg5 Nbd7 11. a3 h6 12. Bxf6 Nxf6 13. b4 Qc7 14. Rfc1 Bf5 15.
Qb3 b5 16. a4 bxa4 17. Rxa4 Rab8 18. Qa2 Rb7 19. Nh4 Bh7 20. Nf3 Bf5 21. Nd1
Reb8 22. Ne3 Bg6 {...} 1/2-1/2

[Event "V Trofeo Alfiere"]
[Site "Roma "]
[Date "1982.??.??"]
[Round "5"]
[White "Saetta, Alfredo"]
[Black "Amovilli, Mauro"]
[Result "0-1"]
[WhiteElo "2025"]
[BlackElo "1900"]
[PlyCount "51"]
[EventDate "1982.??.??"]
[EventType "swiss"]
[EventRounds "9"]
[EventCountry "ITA"]
[SourceDate "2005.09.12"]

1. e4 c5 2. Nf3 d6 3. d4 cxd4 4. Nxd4 Nf6 5. Nc3 a6 6. Bg5 e6 7. f4 Nbd7 8. Qf3
Qc7 9. Bd3 b5 10. O-O-O b4 11. e5 Bb7 12. Qh3 dxe5 13. Nxe6 fxe6 14. Qxe6+ Be7
15. Bf5 Qc6 16. fxe5 Qxe6 17. Bxe6 Nxe5 18. Na4 Rd8 19. Rde1 Bxg2 20. Rhg1 Nf3
21. Rxg2 Nxe1 22. Rf2 Rf8 23. Bd2 Ne4 24. Rxf8+ Kxf8 25. Bxe1 Bg5+ 26. Bd2 0-1

[Event "V Trofeo Alfiere"]
[Site "Roma "]
[Date "1982.??.??"]
[Round "5"]
[White "Tatai, Stefano"]
[Black "Sibilio, Mario"]
[Result "1/2-1/2"]
[WhiteElo "2440"]
[BlackElo "2305"]
[PlyCount "27"]
[EventDate "1982.??.??"]
[EventType "swiss"]
[EventRounds "9"]
[EventCountry "ITA"]
[SourceDate "2005.09.12"]

1. d4 g6 2. c4 Bg7 3. Nc3 d6 4. e4 Nc6 5. Be3 e5 6. d5 Nce7 7. g4 f5 8. f3 fxg4
9. fxg4 Nf6 10. g5 Nh5 11. Qd2 O-O 12. O-O-O Bg4 13. Re1 c5 14. Be2 1/2-1/2

[Event "V Trofeo Alfiere"]
[Site "Roma "]
[Date "1982.??.??"]
[Round "5"]
[White "Wagman, Stuart"]
[Black "Nestler, Vincenzo"]
[Result "0-1"]
[WhiteElo "2255"]
[BlackElo "2230"]
[PlyCount "68"]
[EventDate "1982.??.??"]
[EventType "swiss"]
[EventRounds "9"]
[EventCountry "ITA"]
[SourceDate "2005.09.12"]

1. e4 c5 2. Nf3 d6 3. d4 cxd4 4. Nxd4 Nf6 5. Nc3 e6 6. Be2 Be7 7. O-O Nc6 8.
Be3 O-O 9. f4 e5 10. Nb3 exf4 11. Rxf4 Be6 12. Nd4 Nxd4 13. Qxd4 Nd7 14. Rff1
Ne5 15. Rad1 a6 16. Nd5 Rc8 17. c3 Rc6 18. Kh1 Kh8 19. c4 f6 20. b3 Re8 21. Bh5
Bf7 22. Bxf7 Nxf7 23. Rf5 Bf8 24. Rdf1 Re5 25. Qd3 Rxf5 26. Rxf5 Ne5 27. Qe2
Rc8 28. h4 Qe8 29. h5 b5 30. c5 h6 31. cxd6 Bxd6 32. Nf4 Qc6 33. Nd5 Qc2 34.
Rf2 Qxe4 0-1

[Event "V Trofeo Alfiere"]
[Site "Roma "]
[Date "1982.??.??"]
[Round "6"]
[White "Colombo, Paolo"]
[Black "Wagman, Stuart"]
[Result "0-1"]
[WhiteElo "2030"]
[BlackElo "2255"]
[PlyCount "118"]
[EventDate "1982.??.??"]
[EventType "swiss"]
[EventRounds "9"]
[EventCountry "ITA"]
[SourceDate "2005.09.12"]

1. c4 Nf6 2. Nc3 g6 3. g3 Bg7 4. Bg2 O-O 5. Nf3 d6 6. O-O Nc6 7. Rb1 Bf5 8. d3
Qd7 9. Re1 Bh3 10. Bh1 h6 11. b4 Ng4 12. Nd5 e5 13. b5 Ne7 14. Nd2 Nxd5 15.
Bxd5 c6 16. Bf3 f5 17. bxc6 bxc6 18. Qa4 e4 19. dxe4 Bd4 20. e3 Bc3 21. e5 Nxe5
22. Bh1 f4 23. exf4 Rxf4 24. Ne4 Rxe4 25. Rxe4 Qf5 26. Bf4 Rf8 27. Qb3 g5 28.
Rxe5 Bxe5 29. Be3 c5 30. Qb7 Kh8 31. Be4 Qf7 32. Qxf7 Rxf7 33. Rb8+ Kg7 34. Bd5
Re7 35. a4 Bd4 36. a5 Bxe3 37. fxe3 Be6 38. Kf2 Bxd5 39. cxd5 Kf6 40. a6 Ke5
41. Rb7 Re8 42. Rxa7 Kxd5 43. Rc7 Re4 44. Rh7 Ra4 45. Rxh6 Rxa6 46. Kf3 c4 47.
Rh5 c3 48. Rxg5+ Kc4 49. Rg4+ Kb3 50. Rg8 c2 51. Rc8 Ra1 52. h4 c1=Q 53. Rxc1
Rxc1 54. g4 Rh1 55. h5 Kc4 56. Kg2 Ra1 57. h6 Kd5 58. h7 Ra8 59. Kg3 Ke5 0-1

[Event "V Trofeo Alfiere"]
[Site "Roma "]
[Date "1982.??.??"]
[Round "6"]
[White "Kouatly, Bachar"]
[Black "Tatai, Stefano"]
[Result "1-0"]
[WhiteElo "2435"]
[BlackElo "2440"]
[PlyCount "67"]
[EventDate "1982.??.??"]
[EventType "swiss"]
[EventRounds "9"]
[EventCountry "ITA"]
[SourceDate "2005.09.12"]

1. d4 Nf6 2. c4 e6 3. Nf3 c5 4. Nc3 cxd4 5. Nxd4 a6 6. g3 Qc7 7. Bg5 b6 8. Bg2
Bb7 9. e4 Be7 10. O-O d6 11. Bxf6 gxf6 12. Qh5 O-O 13. Rac1 Qc5 14. Nd5 Qxd4
15. Nxe7+ Kh8 16. Rfd1 Qe5 17. Qxe5 fxe5 18. Rxd6 Re8 19. Nd5 exd5 20. exd5 b5
21. c5 Bc8 22. c6 a5 23. Rf6 Kg7 24. Rf3 Na6 25. d6 Ra7 26. Bf1 Bg4 27. Ra3 Rd8
28. Rxa5 Rxd6 29. Bxb5 Bc8 30. b4 Rd4 31. a3 Kf6 32. Bf1 Ra8 33. c7 Rd6 34. b5
1-0

[Event "V Trofeo Alfiere"]
[Site "Roma "]
[Date "1982.??.??"]
[Round "6"]
[White "Lantini, Marco"]
[Black "Bellia, Fabrizio"]
[Result "1/2-1/2"]
[WhiteElo "1900"]
[BlackElo "1900"]
[PlyCount "25"]
[EventDate "1982.??.??"]
[EventType "swiss"]
[EventRounds "9"]
[EventCountry "ITA"]
[SourceDate "2005.09.12"]

1. d4 Nf6 2. c4 g6 3. Nc3 Bg7 4. e4 O-O 5. Be3 d6 6. f3 e5 7. d5 c6 8. Bd3 cxd5
9. cxd5 a6 10. Nge2 Nbd7 11. O-O Ne8 12. Rc1 f5 13. exf5 1/2-1/2

[Event "V Trofeo Alfiere"]
[Site "Roma "]
[Date "1982.??.??"]
[Round "6"]
[White "Nestler, Vincenzo"]
[Black "Gervasi, Giancarlo"]
[Result "1/2-1/2"]
[WhiteElo "2230"]
[BlackElo "2125"]
[PlyCount "78"]
[EventDate "1982.??.??"]
[EventType "swiss"]
[EventRounds "9"]
[EventCountry "ITA"]
[SourceDate "2005.09.12"]

1. e4 e6 2. d4 d5 3. Nc3 Nf6 4. exd5 exd5 5. Bd3 Be7 6. Nge2 Bg4 7. h3 Bh5 8.
Bf4 c6 9. Qd2 Bg6 10. Ng3 Nh5 11. Nxh5 Bxh5 12. Ne2 Bxe2 13. Qxe2 O-O 14. O-O
Nd7 15. Rfe1 Re8 16. c3 Nf8 17. Qc2 g6 18. Re2 Bf6 19. Rae1 Ne6 20. Bc1 Qd6 21.
a4 Re7 22. Rf1 Rae8 23. g3 b6 24. Qd1 c5 25. dxc5 bxc5 26. h4 Rd8 27. Ree1 c4
28. Bb1 d4 29. cxd4 Bxd4 30. Qg4 h5 31. Qf3 Rb8 32. Ba2 Bxb2 33. Bxb2 Rxb2 34.
Bxc4 Nd4 35. Qd5 Rd7 36. Qe4 Rc7 37. Bd5 Qf6 38. Qe5 Qxe5 39. Rxe5 Kf8 {...}
1/2-1/2

[Event "V Trofeo Alfiere"]
[Site "Roma "]
[Date "1982.??.??"]
[Round "6"]
[White "Sammuri, Andrea"]
[Black "Kovacevic, Slobodan"]
[Result "0-1"]
[WhiteElo "1900"]
[BlackElo "2245"]
[PlyCount "70"]
[EventDate "1982.??.??"]
[EventType "swiss"]
[EventRounds "9"]
[EventCountry "ITA"]
[SourceDate "2005.09.12"]

1. d4 Nf6 2. c4 c5 3. Nf3 cxd4 4. Nxd4 a6 5. g3 e6 6. Bg2 Qc7 7. b3 Be7 8. O-O
O-O 9. Bb2 Nc6 10. Nc3 Rb8 11. Qd2 Na7 12. Rac1 b6 13. Rfd1 d6 14. a3 Bb7 15.
e4 Rbd8 16. Qe2 Rfe8 17. f4 Bf8 18. Nf3 Nd7 19. Kh1 Qb8 20. Ng5 h6 21. Nf3 Qa8
22. Nh4 Be7 23. b4 Bc6 24. Rf1 b5 25. Nd5 exd5 26. cxd5 Bxd5 27. Bxg7 Bxh4 28.
Qg4 h5 29. Qxh4 Bxe4 30. Qg5 Bxg2+ 31. Kg1 Qe4 32. Bf6+ Qg6 33. Bxd8 Qxg5 34.
Bxg5 Bxf1 35. Kxf1 Rc8 0-1

[Event "V Trofeo Alfiere"]
[Site "Roma "]
[Date "1982.??.??"]
[Round "6"]
[White "Sibilio, Mario"]
[Black "Pangrazzi, Marco"]
[Result "0-1"]
[WhiteElo "2305"]
[BlackElo "2260"]
[PlyCount "52"]
[EventDate "1982.??.??"]
[EventType "swiss"]
[EventRounds "9"]
[EventCountry "ITA"]
[SourceDate "2005.09.12"]

1. b3 e5 2. Bb2 Nc6 3. e3 d5 4. Bb5 Bd6 5. c4 Be6 6. Nf3 f6 7. cxd5 Bxd5 8. Nc3
Bf7 9. d4 Nge7 10. dxe5 Bxe5 11. Nxe5 fxe5 12. Ba3 a6 13. Bxc6+ Nxc6 14. Qf3
Qd3 15. Rc1 O-O-O 16. Qe2 Bg6 17. Qxd3 Bxd3 18. f3 e4 19. f4 g5 20. g3 gxf4 21.
exf4 Rhg8 22. Kf2 b5 23. Nd5 Rxd5 24. Rxc6 Kb7 25. Rhc1 Rh5 26. Rxc7+ Kb8 0-1

[Event "V Trofeo Alfiere"]
[Site "Roma "]
[Date "1982.??.??"]
[Round "6"]
[White "Steinfl, Alessandro"]
[Black "Micalizzi, Giovanni"]
[Result "1/2-1/2"]
[WhiteElo "1985"]
[BlackElo "2005"]
[PlyCount "56"]
[EventDate "1982.??.??"]
[EventType "swiss"]
[EventRounds "9"]
[EventCountry "ITA"]
[SourceDate "2005.09.12"]

1. e4 c5 2. Nf3 Nc6 3. b4 Nxb4 4. c3 Nc6 5. d4 d5 6. exd5 Qxd5 7. Nbd2 cxd4 8.
Bc4 Qh5 9. cxd4 Nf6 10. O-O e6 11. d5 Nxd5 12. Ne4 Be7 13. Ng3 Qg4 14. Bd3 Qb4
15. a3 Qd6 16. Ne4 Qd8 17. Re1 O-O 18. Qe2 Qc7 19. Bb1 h6 20. Bb2 f5 21. Ng3
Bf6 22. Bxf6 Rxf6 23. Nh5 Rf8 24. Qc4 Qf7 25. Ng3 Kh7 26. Ra2 Bd7 27. Rd2 g6
28. h4 Nb6 1/2-1/2

[Event "V Trofeo Alfiere"]
[Site "Roma "]
[Date "1982.??.??"]
[Round "6"]
[White "Tribuiani, Renato"]
[Black "Piasini, Antonio"]
[Result "1-0"]
[WhiteElo "2070"]
[BlackElo "1955"]
[PlyCount "65"]
[EventDate "1982.??.??"]
[EventType "swiss"]
[EventRounds "9"]
[EventCountry "ITA"]
[SourceDate "2005.09.12"]

1. e4 c5 2. Nf3 e6 3. d4 cxd4 4. Nxd4 Nc6 5. Nc3 Qc7 6. Be2 a6 7. O-O Nf6 8.
Kh1 Be7 9. f4 d6 10. Be3 Bd7 11. Qe1 Nxd4 12. Bxd4 Bc6 13. Qg3 g6 14. e5 dxe5
15. Bxe5 Qa5 16. Rad1 O-O 17. Qg5 Nd5 18. Qh6 f6 19. Nxd5 Bxd5 20. Bc3 Qc7 21.
f5 Rf7 22. fxe6 Bxe6 23. a3 Re8 24. Bd3 Bf8 25. Qh4 f5 26. Rfe1 b5 27. Re2 Bd7
28. Rde1 Rxe2 29. Rxe2 Bc6 30. Re6 Qd7 31. Rxg6+ Bg7 32. Rxg7+ Rxg7 33. Bxg7
1-0

[Event "V Trofeo Alfiere"]
[Site "Roma "]
[Date "1982.??.??"]
[Round "7"]
[White "Amovilli, Mauro"]
[Black "Colombo, Paolo"]
[Result "1/2-1/2"]
[WhiteElo "1900"]
[BlackElo "2030"]
[PlyCount "81"]
[EventDate "1982.??.??"]
[EventType "swiss"]
[EventRounds "9"]
[EventCountry "ITA"]
[SourceDate "2005.09.12"]

1. e4 e6 2. d4 d5 3. e5 c5 4. c3 Ne7 5. Nf3 b6 6. b4 Nec6 7. a3 Be7 8. Bd3 f6
9. O-O O-O 10. Qc2 f5 11. Be3 c4 12. Be2 Bd7 13. g3 Kh8 14. Qd2 Be8 15. Ng5 Qd7
16. h4 Nd8 17. a4 Nf7 18. Kg2 Nc6 19. Nh3 Ncd8 20. Bg5 Nxg5 21. hxg5 Kg8 22.
Qe3 Bg6 23. Nd2 Nf7 24. f4 h6 25. Nf3 Bh5 26. Rh1 Bxf3+ 27. Qxf3 g6 28. gxh6
Nxh6 29. Nf2 Kg7 30. a5 b5 31. Rh3 Rh8 32. Rah1 Raf8 33. Bd1 Qe8 34. Kf1 Qf7
35. R1h2 g5 36. Qh1 Qg6 37. Bh5 Qh7 38. Bd1 Qg6 39. Bh5 Qh7 40. Be2 Qg6 41. Bh5
1/2-1/2

[Event "V Trofeo Alfiere"]
[Site "Roma "]
[Date "1982.??.??"]
[Round "7"]
[White "Bellia, Fabrizio"]
[Black "Saetta, Alfredo"]
[Result "1-0"]
[WhiteElo "1900"]
[BlackElo "2025"]
[PlyCount "83"]
[EventDate "1982.??.??"]
[EventType "swiss"]
[EventRounds "9"]
[EventCountry "ITA"]
[SourceDate "2005.09.12"]

1. e4 e5 2. Nf3 Nc6 3. d4 exd4 4. Bc4 Nf6 5. O-O Bc5 6. c3 d3 7. Qxd3 O-O 8. b4
Bb6 9. a4 a5 10. b5 Ne7 11. e5 Ng4 12. h3 Nxf2 13. Rxf2 Bxf2+ 14. Kxf2 d5 15.
exd6 Qxd6 16. Qxd6 cxd6 17. Ba3 Be6 18. Bxe6 fxe6 19. Bxd6 Rf7 20. Ra2 Nf5 21.
Be5 h6 22. Rd2 Rc8 23. Na3 Rc5 24. Rd8+ Kh7 25. Ke2 Rd5 26. Rxd5 exd5 27. c4
Re7 28. cxd5 Nd4+ 29. Nxd4 Rxe5+ 30. Kd3 Rxd5 31. Nc4 h5 32. Nxa5 Rd7 33. Nxb7
Rxb7 34. a5 Ra7 35. a6 h4 36. Nc6 Rd7+ 37. Kc2 Rf7 38. a7 Rf8 39. b6 Rc8 40. b7
Rxc6+ 41. Kd3 Rd6+ 42. Kc4 1-0

[Event "V Trofeo Alfiere"]
[Site "Roma "]
[Date "1982.??.??"]
[Round "7"]
[White "Gallo, Enrico"]
[Black "Sammuri, Andrea"]
[Result "1/2-1/2"]
[WhiteElo "1900"]
[BlackElo "1900"]
[PlyCount "21"]
[EventDate "1982.??.??"]
[EventType "swiss"]
[EventRounds "9"]
[EventCountry "ITA"]
[SourceDate "2005.09.12"]

1. e4 e5 2. Nf3 Nc6 3. Bc4 Bc5 4. d3 d6 5. h3 Nf6 6. O-O O-O 7. c3 Na5 8. Nbd2
Nxc4 9. Nxc4 Be6 10. Ne3 Bxe3 11. Bxe3 1/2-1/2

[Event "V Trofeo Alfiere"]
[Site "Roma "]
[Date "1982.??.??"]
[Round "7"]
[White "Gervasi, Giancarlo"]
[Black "De Blasio, Massimo"]
[Result "1-0"]
[WhiteElo "2125"]
[BlackElo "2210"]
[PlyCount "69"]
[EventDate "1982.??.??"]
[EventType "swiss"]
[EventRounds "9"]
[EventCountry "ITA"]
[SourceDate "2005.09.12"]

1. c4 Nf6 2. Nc3 e6 3. e4 c5 4. e5 Ng8 5. d4 cxd4 6. Qxd4 Nc6 7. Qe4 d6 8. Nf3
dxe5 9. Nxe5 Bd7 10. Nxd7 Qxd7 11. Bg5 Bb4 12. Rd1 Qc7 13. Be2 Nf6 14. Qf3 Ne5
15. Qe3 Neg4 16. Qf4 Qe5 17. O-O Bxc3 18. Bxg4 Nxg4 19. Qxg4 Ba5 20. Qg3 Qxg3
21. hxg3 Rc8 22. b3 f6 23. Be3 a6 24. a3 Bd8 25. Rd3 Be7 26. Rfd1 Kf7 27. Rd7
Rhd8 28. Bb6 Rxd7 29. Rxd7 Rc6 30. Rxb7 Kf8 31. a4 Rd6 32. Kf1 Rd1+ 33. Ke2 Rb1
34. Be3 a5 35. c5 1-0

[Event "V Trofeo Alfiere"]
[Site "Roma "]
[Date "1982.??.??"]
[Round "7"]
[White "Kovacevic, Slobodan"]
[Black "Sibilio, Mario"]
[Result "1-0"]
[WhiteElo "2245"]
[BlackElo "2305"]
[PlyCount "91"]
[EventDate "1982.??.??"]
[EventType "swiss"]
[EventRounds "9"]
[EventCountry "ITA"]
[SourceDate "2005.09.12"]

1. d4 g6 2. Nf3 Bg7 3. c3 c6 4. Bf4 d6 5. h3 Nf6 6. Nbd2 Nbd7 7. a4 a5 8. e3
O-O 9. Bc4 Nd5 10. Bh2 N7f6 11. O-O h6 12. Qe2 Nc7 13. Rfd1 d5 14. Bd3 Ne6 15.
Ne5 Nd7 16. f4 Nxe5 17. fxe5 c5 18. Nf3 cxd4 19. exd4 Bd7 20. Kh1 Qb6 21. Rf1
Rad8 22. Bg3 Be8 23. Rfe1 Nc7 24. Qc2 Ne6 25. Bh4 Rd7 26. Qd2 f6 27. exf6 exf6
28. Re2 Ng5 29. Nh2 Rd6 30. Rae1 Bf7 31. Ng4 Qd8 32. Bg3 Rb6 33. h4 Qc8 34. Qf4
h5 35. Nxf6+ Bxf6 36. hxg5 Bd8 37. Qh4 Qd7 38. Bb5 Qf5 39. Rf2 Bxg5 40. Qh2 Qg4
41. Ref1 Be7 42. Rf4 Qe6 43. Re1 Qd6 44. Rxf7 Rxf7 45. Bxd6 Bxd6 46. Qh4 1-0

[Event "V Trofeo Alfiere"]
[Site "Roma "]
[Date "1982.??.??"]
[Round "7"]
[White "Lantini, Marco"]
[Black "Steinfl, Alessandro"]
[Result "1/2-1/2"]
[WhiteElo "1900"]
[BlackElo "1985"]
[PlyCount "33"]
[EventDate "1982.??.??"]
[EventType "swiss"]
[EventRounds "9"]
[EventCountry "ITA"]
[SourceDate "2005.09.12"]

1. d4 Nf6 2. c4 c5 3. d5 e6 4. Nc3 exd5 5. cxd5 d6 6. e4 g6 7. Bd3 Bg7 8. Nge2
O-O 9. O-O Re8 10. Bg5 Nbd7 11. f4 a6 12. a4 Qc7 13. Ng3 c4 14. Bc2 h6 15. Bxf6
Nxf6 16. e5 dxe5 17. f5 1/2-1/2

[Event "V Trofeo Alfiere"]
[Site "Roma "]
[Date "1982.??.??"]
[Round "7"]
[White "Micalizzi, Giovanni"]
[Black "Tribuiani, Renato"]
[Result "1/2-1/2"]
[WhiteElo "2005"]
[BlackElo "2070"]
[PlyCount "75"]
[EventDate "1982.??.??"]
[EventType "swiss"]
[EventRounds "9"]
[EventCountry "ITA"]
[SourceDate "2005.09.12"]

1. e4 c6 2. d4 g6 3. c4 Bg7 4. Nc3 d6 5. Be3 Nf6 6. Be2 Na6 7. h3 Qa5 8. Qd2
Nc7 9. Nf3 b5 10. cxb5 cxb5 11. Nxb5 Qxd2+ 12. Nxd2 Nxb5 13. Bxb5+ Bd7 14.
Bxd7+ Kxd7 15. Rc1 Rhb8 16. b3 a5 17. a4 Ne8 18. Ke2 e6 19. Rc4 Rc8 20. Rhc1 d5
21. Rxc8 Rxc8 22. Rxc8 Kxc8 23. exd5 exd5 24. Nf3 Kc7 25. Ng5 f6 26. Ne6+ Kb6
27. g4 Kc6 28. Kd3 Kb6 29. Ke2 Kc6 30. h4 Kb6 31. h5 g5 32. f4 h6 33. fxg5 hxg5
34. Nxg7 Nxg7 35. Bd2 Ne6 36. Kd3 Ka6 37. Kc3 Nf8 38. b4 1/2-1/2

[Event "V Trofeo Alfiere"]
[Site "Roma "]
[Date "1982.??.??"]
[Round "7"]
[White "Nestler, Vincenzo"]
[Black "Kouatly, Bachar"]
[Result "1/2-1/2"]
[WhiteElo "2230"]
[BlackElo "2435"]
[PlyCount "50"]
[EventDate "1982.??.??"]
[EventType "swiss"]
[EventRounds "9"]
[EventCountry "ITA"]
[SourceDate "2005.09.12"]

1. d4 Nf6 2. Nf3 g6 3. Nbd2 d5 4. e3 Bg7 5. Bd3 O-O 6. O-O c5 7. c3 Nc6 8. dxc5
Nd7 9. e4 Nxc5 10. Bc2 Bg4 11. exd5 Qxd5 12. h3 Bf5 13. Bxf5 Qxf5 14. Nb3 Rfd8
15. Qe2 Nd3 16. Be3 e5 17. Rad1 a5 18. a4 Qe4 19. Ng5 Qxa4 20. Rxd3 Rxd3 21.
Nc5 Rxe3 22. fxe3 Qa2 23. Rxf7 Bh6 24. Nce4 Bxg5 25. Nxg5 Rf8 1/2-1/2

[Event "V Trofeo Alfiere"]
[Site "Roma "]
[Date "1982.??.??"]
[Round "7"]
[White "Pangrazzi, Marco"]
[Black "Tatai, Stefano"]
[Result "1/2-1/2"]
[WhiteElo "2260"]
[BlackElo "2440"]
[PlyCount "80"]
[EventDate "1982.??.??"]
[EventType "swiss"]
[EventRounds "9"]
[EventCountry "ITA"]
[SourceDate "2005.09.12"]

1. c4 g6 2. Nc3 Bg7 3. Nf3 c5 4. g3 Nc6 5. Bg2 e5 6. O-O Nge7 7. d3 O-O 8. e4
d6 9. Nh4 Nd4 10. f4 exf4 11. Bxf4 h6 12. Bd2 Be6 13. a3 Nec6 14. Nb5 Nxb5 15.
cxb5 Nd4 16. Bc3 Bb3 17. Qd2 Ba4 18. Kh1 Bxb5 19. Bxd4 cxd4 20. a4 Bd7 21. a5
Bb5 22. Rf2 Rc8 23. Raf1 Qg5 24. Qd1 Bd7 25. Qb3 Qb5 26. Qa3 Qc5 27. Qb3 Be6
28. Qa4 b5 29. axb6 Qxb6 30. Qd1 Rc5 31. Qf3 Rb5 32. Ra1 Rxb2 33. Rxb2 Qxb2 34.
Rxa7 Rc8 35. h3 Rc1+ 36. Kh2 Qd2 37. Nxg6 fxg6 38. e5 Qg5 39. Qb7 Qxe5 40. Be4
Qf6 1/2-1/2

[Event "V Trofeo Alfiere"]
[Site "Roma "]
[Date "1982.??.??"]
[Round "7"]
[White "Piasini, Antonio"]
[Black "Ianniello, Riccardo"]
[Result "0-1"]
[WhiteElo "1955"]
[BlackElo "2205"]
[PlyCount "82"]
[EventDate "1982.??.??"]
[EventType "swiss"]
[EventRounds "9"]
[EventCountry "ITA"]
[SourceDate "2005.09.12"]

1. d4 b5 2. e4 Bb7 3. Bd3 e6 4. Qe2 a6 5. f4 c5 6. c3 cxd4 7. cxd4 Nc6 8. Nf3
Nb4 9. O-O Be7 10. Nbd2 Nxd3 11. Qxd3 Nf6 12. e5 Nd5 13. Ne4 Nb4 14. Qe2 Rc8
15. Nc3 Qb6 16. Be3 Nd5 17. Nxd5 Bxd5 18. b3 O-O 19. Rf2 f5 20. Raf1 Rc3 21.
Ne1 Bh4 22. g3 Be7 23. h4 Be4 24. Rh2 a5 25. Bf2 Rfc8 26. g4 a4 27. bxa4 bxa4
28. gxf5 exf5 29. Be3 Qg6+ 30. Kf2 Qb6 31. Kg1 a3 32. Nf3 Rc2 33. Qd1 Qg6+ 34.
Ng5 h6 35. h5 Rxh2 36. Kxh2 Qc6 37. Nxe4 Qxe4 38. Qb3+ Kh8 39. Rf2 Bh4 40. Rg2
Qf3 41. Qf7 Bg3+ 0-1

[Event "V Trofeo Alfiere"]
[Site "Roma "]
[Date "1982.??.??"]
[Round "7"]
[White "Wagman, Stuart"]
[Black "Favale, Paolo"]
[Result "1/2-1/2"]
[WhiteElo "2255"]
[BlackElo "1900"]
[PlyCount "57"]
[EventDate "1982.??.??"]
[EventType "swiss"]
[EventRounds "9"]
[EventCountry "ITA"]
[SourceDate "2005.09.12"]

1. e4 c6 2. d4 d5 3. exd5 cxd5 4. Bd3 Nc6 5. c3 Nf6 6. Bf4 e6 7. Nf3 Bd6 8.
Bxd6 Qxd6 9. O-O O-O 10. Nbd2 Qf4 11. Qc2 Bd7 12. Rae1 Rae8 13. Ne5 Qh6 14. Re3
g6 15. Rh3 Qg7 16. f4 Bc8 17. Qd1 Nd7 18. Rg3 Ne7 19. Qa4 Nxe5 20. fxe5 Nc6 21.
Qc2 Kh8 22. Rh3 Ne7 23. Nf3 f5 24. exf6 Rxf6 25. Ne5 Rxf1+ 26. Bxf1 Rf8 27. Qe2
Nc6 28. Rf3 Rf5 29. Rxf5 1/2-1/2

[Event "V Trofeo Alfiere"]
[Site "Roma "]
[Date "1982.??.??"]
[Round "8"]
[White "De Blasio, Massimo"]
[Black "Sammuri, Andrea"]
[Result "1-0"]
[WhiteElo "2210"]
[BlackElo "1900"]
[PlyCount "55"]
[EventDate "1982.??.??"]
[EventType "swiss"]
[EventRounds "9"]
[EventCountry "ITA"]
[SourceDate "2005.09.12"]

1. e4 c5 2. Nf3 Nc6 3. Nc3 d6 4. d4 cxd4 5. Nxd4 Nf6 6. Bg5 e6 7. Qd2 Be7 8.
O-O-O a6 9. f4 Bd7 10. Nf3 h6 11. Bxf6 gxf6 12. f5 Qc7 13. g3 O-O-O 14. fxe6
fxe6 15. Bh3 Qb6 16. Ne2 Kb8 17. Nf4 Rc8 18. Nd5 exd5 19. Bxd7 Nb4 20. Bxc8
Rxc8 21. c3 Nxa2+ 22. Kc2 dxe4 23. Qd4 Qb5 24. Qxe4 Nb4+ 25. Kb1 Rc4 26. Nd4
Qa4 27. cxb4 Rxb4 28. Qxe7 1-0

[Event "V Trofeo Alfiere"]
[Site "Roma "]
[Date "1982.??.??"]
[Round "8"]
[White "Ianniello, Riccardo"]
[Black "Favale, Paolo"]
[Result "1-0"]
[WhiteElo "2205"]
[BlackElo "1900"]
[PlyCount "57"]
[EventDate "1982.??.??"]
[EventType "swiss"]
[EventRounds "9"]
[EventCountry "ITA"]
[SourceDate "2005.09.12"]

1. e4 c6 2. d4 d5 3. exd5 cxd5 4. Nf3 Nf6 5. Bd3 Nc6 6. O-O Bg4 7. c3 e6 8. h3
Bh5 9. Qb3 Qc7 10. Ne5 Bd6 11. f4 O-O 12. Be3 Bg6 13. Bxg6 hxg6 14. Nd2 Ne7 15.
g4 b5 16. Qxb5 Rab8 17. Qd3 Rxb2 18. Nb3 Ne4 19. Bc1 Ba3 20. Bxb2 Bxb2 21. Rab1
Bxc3 22. Qe3 f6 23. Nd3 Qc4 24. Nf2 Rb8 25. Nxe4 dxe4 26. Nd2 Qc7 27. Rxb8+
Qxb8 28. Qxc3 Nd5 29. Qb3 1-0

[Event "V Trofeo Alfiere"]
[Site "Roma "]
[Date "1982.??.??"]
[Round "8"]
[White "Kouatly, Bachar"]
[Black "Gervasi, Giancarlo"]
[Result "1/2-1/2"]
[WhiteElo "2435"]
[BlackElo "2125"]
[PlyCount "122"]
[EventDate "1982.??.??"]
[EventType "swiss"]
[EventRounds "9"]
[EventCountry "ITA"]
[SourceDate "2005.09.12"]

1. d4 d5 2. c4 e6 3. Nc3 Be7 4. Bf4 Nf6 5. e3 O-O 6. Nf3 c5 7. dxc5 Bxc5 8. Qc2
Nc6 9. Rd1 Qa5 10. Nd2 d4 11. Nb3 Qb6 12. Na4 Bb4+ 13. Ke2 Qa6 14. Nac5 Bxc5
15. Nxc5 Qa5 16. exd4 Nxd4+ 17. Rxd4 Qxc5 18. Be3 Qh5+ 19. Ke1 e5 20. Be2 Bg4
21. Rd1 Rfd8 22. h3 Bxe2 23. Qxe2 Qf5 24. Kf1 Qe4 25. b3 b5 26. Rxd8+ Rxd8 27.
Kg1 bxc4 28. Qxc4 Qxc4 29. bxc4 Rd1+ 30. Kh2 Rxh1+ 31. Kxh1 a6 32. Kg1 Kf8 33.
Kf1 Ke7 34. Bg5 h6 35. Be3 Kd6 36. Ke2 Nd7 37. g4 Nb8 38. Kd3 Nc6 39. Ke4 Nb4
40. a3 Nc2 41. Ba7 Ke6 42. h4 g6 43. g5 hxg5 44. hxg5 Nxa3 45. Kd3 f6 46. Bc5
Nxc4 47. Kxc4 fxg5 48. Kd3 Kf5 49. Ke3 a5 50. Kf3 a4 51. Ke3 Kg4 52. Bd6 Kh3
53. Bxe5 a3 54. Ke2 Kg2 55. f3 a2 56. Ke3 Kh3 57. Kf2 g4 58. f4 g3+ 59. Kg1 Kg4
60. Kg2 a1=Q 61. Bxa1 Kxf4 1/2-1/2

[Event "V Trofeo Alfiere"]
[Site "Roma "]
[Date "1982.??.??"]
[Round "8"]
[White "Micalizzi, Giovanni"]
[Black "Nestler, Vincenzo"]
[Result "0-1"]
[WhiteElo "2005"]
[BlackElo "2230"]
[PlyCount "63"]
[EventDate "1982.??.??"]
[EventType "swiss"]
[EventRounds "9"]
[EventCountry "ITA"]
[SourceDate "2005.09.12"]

1. e4 c5 2. Nf3 a6 3. Nc3 d6 4. d4 cxd4 5. Nxd4 e6 6. Bc4 Nf6 7. O-O Be7 8. f4
Qc7 9. Qe2 Nc6 10. Be3 Bd7 11. f5 Nxd4 12. Bxd4 e5 13. Bf2 Bc6 14. a4 Rc8 15.
Bb3 Qd7 16. Rfd1 Qd8 17. a5 O-O 18. g4 h6 19. Rd3 Nd7 20. Rdd1 Qe8 21. Nd5 Bd8
22. Nb4 Qe7 23. Nxc6 Rxc6 24. Bd5 Rc7 25. b4 Nb8 26. c4 Nd7 27. Rac1 Re8 28.
Bb6 Nxb6 29. axb6 Rc8 30. Qe3 Qh4 31. Rc2 Qxg4+ 32. Kh1 0-1